Largest Cities on Each Continent Beginning with 'S' - Statistics

General Stats
  • This quiz has been taken 630 times
    545 since last reset
  • The average score is 18 of 36
Answer Stats
Continent Population Answer % Correct
Oceania 5,400,000 Sydney
97%
South America 22,600,000 São Paulo
96%
Asia 34,100,000 Shànghăi
95%
North America 7,750,000 San Francisco
91%
Europe 5,650,000 Saint Petersburg
89%
South America 7,800,000 Santiago
89%
Europe 2,250,000 Stockholm
87%
North America 3,325,000 San Diego
81%
North America 2,375,000 San José
80%
Asia 25,000,000 Seoul
79%
North America 4,475,000 Seattle
70%
Europe 1,300,000 Sevilla
70%
Europe 2,400,000 Stuttgart
70%
North America 4,000,000 Santo Domingo
64%
Europe 1,570,000 Sheffield
60%
South America 3,625,000 Salvador
56%
Asia 7,900,000 Singapore
55%
Europe 1,300,000 Sofia
52%
Asia 6,900,000 Sūrat
47%
Oceania 185,913 Suva
47%
Asia 8,100,000 Shĕnyáng
43%
South America 2,175,000 Santa Cruz
42%
Asia 7,750,000 Shàntóu
38%
South America 1,450,000 São Luís
36%
Europe 1,300,000 Samara
31%
Africa 691,693 Suez
23%
Africa 890,403 Salé
22%
North America 2,525,000 Salt Lake City
22%
South America 1,760,000 Santos
20%
Africa 1,170,000 Sousse
18%
Oceania 348,343 Sunshine Coast
17%
Oceania 63,439 South Tarawa
10%
Africa 329,639 Sokoto
5%
Oceania 52,529 Shepparton-Mooroopna
2%
Africa 393,000 Saurimo
1%
Africa 728,063 Soshanguve
1%
No matching quizzes found
Score Distribution
Percent of People with Each Score
Percentile by Number Answered
Your Score History
You have not taken this quiz since the last reset